000 00460nam a2200169Ia 4500
003 LK-CoDNM
008 010623t2012 xxu||||| |||| 00| 1 sin d
040 _aLK-CoDNM
_dLK-CoDNM
_eLK-CoDNM
041 _asin
080 _a294.3 CHA
100 _aChandawimala Himi,Rerukane
245 _aපුණයෝපදේශය
246 _aPunnyopadeshaya
260 _bDarmapusthaka Sanrakshana Mandalaya
_aPokunuwita
_c2012
300 _b244, 21 cm
942 _cBK
999 _c132553
_d132553